000 00956nam a22003017a 4500
001 8462
003 FISKH
005 20250915091143.0
008 250915b cb ||||| |||| 00| 0 eng d
020 _a9780545390767
040 _aFISKH
_beng
_cFISKH
_dFISKH
050 _aPZ7.M478448 E
082 _a823.92
100 _aMcElligott, Matthew
245 _aEven monsters need haircuts /
_cBy Matthew McElligott
250 _aFirst Scholastic printing, September 2011
260 _aNew York :
_bScholastic ,
_c2010.
300 _a40 unnumbered pages :
_bcolor illustrations ;
_c28 cm .
505 _aJ
520 _aAt night under a full moon, a child operates a barber shop with a monstrous clientele.
521 8 _a500
_bLexile
521 8 _aJ
_bRaz-Plus
650 _aBarbers
_vPicture book
650 _aHaircuts
_vPicture book
700 _aGastonguay, Nicole
_eBook designer
942 _2ddc
_cBK
_n0
999 _c8462
_d8462